| Tag |
First Indicator |
Second Indicator |
Subfields |
| LEADER |
00000cam a2200000 4500 |
| 001 |
in00000209621 |
| 005 |
20151009060124.0 |
| 008 |
750703s1962 caua 00000 eng |
| 010 |
|
|
|a 62011240
|
| 035 |
|
|
|a (OCoLC)01430885
|
| 035 |
|
|
|9 AAX2722AM
|
| 040 |
|
|
|c DZM
|d TXA
|d UtOrBLW
|
| 049 |
|
|
|a TXAM
|c 1 [415982]
|c 2 [425349]
|c 3 [415983]
|
| 050 |
0 |
0 |
|a HF5548
|b .S2
|
| 082 |
0 |
|
|a 651.26
|
| 100 |
1 |
|
|a Salmon, Lawrence J.
|
| 245 |
1 |
0 |
|a IBM machine operation and wiring.
|
| 264 |
|
1 |
|a Belmont, Calif. :
|b Wadsworth Pub. Co.,
|c [1962]
|
| 300 |
|
|
|a 230 pages :
|b illustrations ;
|c 28 cm.
|
| 336 |
|
|
|a text
|b txt
|2 rdacontent
|
| 337 |
|
|
|a unmediated
|b n
|2 rdamedia
|
| 338 |
|
|
|a volume
|b nc
|2 rdacarrier
|
| 650 |
|
0 |
|a Electronic data processing.
|
| 650 |
|
0 |
|a Punched card systems.
|
| 999 |
|
|
|a MARS
|
| 999 |
f |
f |
|s 4753564a-d4d0-3ac8-9e77-b5df3f0430d3
|i 6c462aec-108a-3d8f-877f-a0042f52cd52
|t 0
|
| 952 |
f |
f |
|p ric
|a Texas A&M University
|b Rellis Campus
|c Joint Library Facility
|s JLF
|d Remote Storage
|t 0
|e HF5548 .S2
|h Library of Congress classification
|i unmediated -- volume
|m A14802809562
|
| 998 |
f |
f |
|a HF5548 .S2
|t 0
|l Remote Storage
|